000 00656nam a22002057a 4500
005 20251108165313.0
008 250721s1996 xx 000 0 ara d
082 1 4 _a632/بير
100 1 _aبيرسون، روجر
245 1 0 _aالوجيز في أمراض العنب /
264 1 _aالقاهرة :
_bالمكتبة الأكاديمية،
_c1996.
300 _a496ص : قاموس المصطلحات
650 1 7 _aأمراض النبات
650 1 7 _aالعنب
700 1 _aجوهين، اوستين
700 1 _aسوريال، جميل فهيم
_eترجمة
700 1 _aعلي، زكي
_eترجمة
942 _2ddc
_cBK
999 _c24580
_d24580